| 000 | 01786nam a2200397 a 4500 | ||
|---|---|---|---|
| 001 | ebr10514538 | ||
| 003 | CaPaEBR | ||
| 006 | m u | ||
| 007 | cr cn||||||||| | ||
| 008 | 010626s2002 miuab sb 001 0 eng d | ||
| 010 | _z 2001003823 | ||
| 020 | _z0870135511 (cloth) | ||
| 020 | _z9780870135514 | ||
| 020 | _z9780870139345 (e-book) | ||
| 040 |
_aCaPaEBR _cCaPaEBR |
||
| 035 | _a(OCoLC)654488998 | ||
| 043 | _an-us-mi | ||
| 050 | 1 | 4 |
_aHD211.M5 _bL49 2002eb |
| 082 | 0 | 4 |
_a333.3/09774 _221 |
| 100 | 1 | _aLewis, Kenneth E. | |
| 245 | 1 | 0 |
_aWest to far Michigan _h[electronic resource] : _bsettling the Lower Peninsula, 1815-1860 / _cKenneth E. Lewis. |
| 260 |
_aEast Lansing : _bMichigan State University Press, _cc2002. |
||
| 300 |
_axx, 514 p. : _bill., maps. |
||
| 504 | _aIncludes bibliographical references (p. 443-500) and index. | ||
| 533 |
_aElectronic reproduction. _bPalo Alto, Calif. : _cebrary, _d2012. _nAvailable via World Wide Web. _nAccess may be limited to ebrary affiliated libraries. |
||
| 650 | 0 |
_aLand tenure _zMichigan _zLower Peninsula _xHistory _y19th century. |
|
| 650 | 0 |
_aLand settlement _zMichigan _zLower Peninsula _xHistory _y19th century. |
|
| 650 | 0 |
_aLand settlement patterns _zMichigan _zLower Peninsula _xHistory _y19th century. |
|
| 650 | 0 |
_aAgricultural colonies _zMichigan _zLower Peninsula _xHistory _y19th century. |
|
| 650 | 0 |
_aIndians of North America _xLand tenure _zMichigan _zLower Peninsula _xHistory _y19th century. |
|
| 651 | 0 |
_aLower Peninsula (Mich.) _xHistory _y19th century. |
|
| 651 | 0 |
_aMichigan _xHistory _y19th century. |
|
| 655 | 7 |
_aElectronic books. _2local |
|
| 710 | 2 | _aebrary, Inc. | |
| 856 | 4 | 0 |
_uhttp://site.ebrary.com/lib/rucke/Doc?id=10514538 _zAn electronic book accessible through the World Wide Web; click to view |
| 999 |
_c225240 _d225240 |
||